=LDR 00000nam 2200000 4500 =001 NUTBA000000000001986 =005 20230606121056 =035 ##$$a 0010-051400000000451 =008 230606################g##########0#ind## =041 ##$$a Ind =082 ##$$a 152.41 =090 ##$$a 152.41, Suy m =100 ##$$a Suyadi, Markus =245 1#$$a Mari Bicara Tentang Cinta /$c Markus Suyadi =260 ##$$a Yogyakarta :$b Andi,$c 2011 =300 ##$$a ix,158 hlm ; $c 21 x 14 cm. =650 #4$$a Cinta =850 ##$$a NBPNMAT =084 ##$$a 152.41 MAR m =020 ##$$a 978-979-29-1914-1 =990 ##$$a 21108992 =990 ##$$a 21108990 =990 ##$$a 21108991